000 00659nam a22001937a 4500
003 OSt
005 20220915174607.0
008 220915b |||||||| |||| 00| 0 eng d
040 _cBiblioteca Lado V
082 _a069.5
_bH142l
100 _aHagemeister, Tania
245 _aLes Collections des musees de France Museums of France/
260 _aFrancia
_bReunion des Musees Nationaux
_c1998
300 _a117p.
_c17x30cm
650 _2Tesauro de Arte & Arquitectura
_aMUSEOLOGIA
650 _2Tesauro de Arte & Arquitectura
_aCOLECCION DE MUSEO
650 _2Tesauro de Arte & Arquitectura
_aARTE
942 _2ddc
_c1
_h069.5
_iH142l
_n0
999 _c2040
_d2040